|
|
|
|
| LEADER |
02537nam a2200445 a 4500 |
| 001 |
EBC644830 |
| 003 |
MiAaPQ |
| 005 |
20200520144314.0 |
| 006 |
m o d | |
| 007 |
cr cn||||||||| |
| 008 |
100823s2011 caua sb 001 0 eng d |
| 010 |
|
|
|z 2010036007
|
| 020 |
|
|
|z 9780470613580 (cloth)
|
| 020 |
|
|
|a 9780470922590 (electronic bk.)
|
| 020 |
|
|
|a 9780470922613 (electronic bk.)
|
| 020 |
|
|
|a 9780470922606 (electronic bk.)
|
| 035 |
|
|
|a (MiAaPQ)EBC644830
|
| 035 |
|
|
|a (Au-PeEL)EBL644830
|
| 035 |
|
|
|a (CaPaEBR)ebr10438354
|
| 035 |
|
|
|a (CaONFJC)MIL367798
|
| 035 |
|
|
|a (OCoLC)700704017
|
| 040 |
|
|
|a MiAaPQ
|c MiAaPQ
|d MiAaPQ
|
| 050 |
|
4 |
|a HD69.B7
|b A21535 2011
|
| 082 |
0 |
4 |
|a 658.8/27
|2 22
|
| 100 |
1 |
|
|a Aaker, David A.
|
| 245 |
1 |
0 |
|a Brand relevance
|h [electronic resource] :
|b making competitors irrelevant /
|c David A. Aaker.
|
| 250 |
|
|
|a 1st ed.
|
| 260 |
|
|
|a San Francisco, Calif. :
|b Jossey-Bass,
|c c2011.
|
| 300 |
|
|
|a xvi, 381 p. :
|b ill.
|
| 490 |
1 |
|
|a The Jossey-Bass business and management series
|
| 504 |
|
|
|a Includes bibliographical references and index.
|
| 520 |
|
|
|a "Substantial market trends and transformational innovations are creating markets and making others irrelevant. The result is a major threat for nearly every business and a significant opportunity for a few. This book will be the first marketing strategy book to develop and leverage the concept of brand relevance. To remain relevant, a firm can create a new category or subcategory-- such as iPod, Cirque du Soleil, and eBay did-- where competitors are eliminated. Or a firm can redefine an existing category or subcategory by creating or elevating an offering feature or characteristic--as Prius created a subcategory defined by gas mileage and technology, or Westin did with its Heavenly Bed. In either case, a firm can create or own a new business arena or submarket in which some or all competitors are not relevant. Instead of being the best, the goal is to be the only--making competitors irrelevant"--
|c Provided by publisher.
|
| 533 |
|
|
|a Electronic reproduction. Ann Arbor, MI : ProQuest, 2015. Available via World Wide Web. Access may be limited to ProQuest affiliated libraries.
|
| 650 |
|
0 |
|a Brand name products.
|
| 650 |
|
0 |
|a Branding (Marketing)
|
| 650 |
|
0 |
|a Technological innovations.
|
| 655 |
|
4 |
|a Electronic books.
|
| 710 |
2 |
|
|a ProQuest (Firm)
|
| 830 |
|
0 |
|a Jossey-Bass business & management series.
|
| 856 |
4 |
0 |
|u https://ebookcentral.proquest.com/lib/matrademy/detail.action?docID=644830
|z Click to View
|